| 000 | 01114nam a2200337 i 4500 | ||
|---|---|---|---|
| 003 | EG-GICUC | ||
| 005 | 20260415084731.0 | ||
| 008 | 260415s1924 en fr|||| 00| 0 eng d | ||
| 040 |
_aEG-GiCUC _beng _cEG-GiCUC _dEG-GiCUC _eRda |
||
| 082 | 0 | 4 |
_221 _a343.5 _bFR . C |
| 092 | 0 | 4 | _221 |
| 099 | _aLaw1 10 343.5 FR . C 1924 | ||
| 100 | 1 |
_a Goadby, Frederic M. _eAuthor. |
|
| 245 | 1 | 0 |
_aCommentary on Egyptian criminal law _b and the related criminal law of Palestine, Cyprus, and Iraq / _cby Frederic M. Goadby _nPart 1 |
| 264 | 1 |
_a Cairo : _bGovernment Press, _c1924. |
|
| 300 |
_a1073page ; _c 24 cm. |
||
| 336 |
_2rda contenu _a texte |
||
| 337 |
_2rda medias _aOrdinateur |
||
| 338 |
_2 transporteur rda _a Ressource en ligne |
||
| 504 | _a | ||
| 546 | 0 | _aText in English | |
| 650 |
_aCriminal law _zEgypt |
||
| 650 |
_aCriminal law _zPalestine |
||
| 650 |
_aCriminal law _zCyprus |
||
| 650 |
_aCriminal law _zIraq |
||
| 651 | 1 | _2qrmak | |
| 710 |
_aEgypt. _bMinistry of Justice. |
||
| 856 | 4 | 0 | _uhttps://fll.law.cu.edu.eg/fulltext/bks/B10-09514.pdf |
| 905 | _a167 | ||
| 942 |
_2ddc _cBK _e21 _n0 |
||
| 999 |
_c70993 _d70993 |
||